000 00729nam a22002177a 4500
003 UA-OsUOA
001 133684
007 ta
008 20181029b un ||||| |||| 00| 0 ukr d
100 _aКучеренко І.
090 _a81
_bК95
942 _cSA
040 _aUA-OsUOA
_bukr
_cUA-OsUOA
_dUA-OsUOA
245 _aОсобистісно зорієнтоване навчання - домінінтна модель реалізації концепції "Нова українська школа"
300 _aС.2-5
955 _a0
041 _aukr
080 _a81
773 0 _w133683
650 7 _a8 Мовознавство. Художня література. Літературознавство
_2UDC
999 _c422610
_d422610